[Event "Bratislava Doprastav op"]
[Site "Bratislava"]
[Date "2010.07.08"]
[Round "9"]
[White "Vrbiar, Tomas"]
[Black "Raczko, Peter"]
[Result "0-1"]
[WhiteElo "1538"]
[BlackElo "1943"]
[PlyCount "142"]
[EventDate "2010.07.02"]
[EventType "swiss"]
[EventRounds "9"]
[EventCountry "SVK"]
[SourceTitle "EXT 2012"]
[Source "ChessBase"]
[SourceDate "2011.11.24"]
[SourceVersion "1"]
[SourceVersionDate "2011.11.24"]
[SourceQuality "1"]

1. e4 d6 2. d4 Nf6 3. Nc3 g6 4. Nf3 Bg7 5. Be2 c6 6. 0-0 0-0 7. Re1 Bg4 8. h3 Bxf3 9. Bxf3 Qc7 10. Bf4 e5 11. dxe5 dxe5 12. Bg3 Na6 13. Qe2 Rad8 14. Rad1 Nc5 15. Qc4 Qe7 16. a3 Na6 17. Be2 Nd7 18. b4 Nb6 19. Qb3 Nc7 20. f3 Rxd1 21. Rxd1 Rd8 22. Rxd8+ Qxd8 23. Bf2 Ne6 24. a4 Nd4 25. Bxd4 Qxd4+ 26. Kf1 Bh6 27. a5 Nc8 28. Nd1 Bf4 29. Qc3 Qd6 30. Nf2 Bd2 31. Qd3 Bxb4 32. Qxd6 Bxd6 33. Nd3 b6 34. axb6 axb6 35. c4 Kf8 36. g3 Ke8 37. f4 f6 38. fxe5 fxe5 39. Bd1 Na7 40. Nb2 b5 41. cxb5 cxb5 42. Ke2 Kd7 43. Bb3 Kc6 44. Nd3 Kb6 45. Bg8 h6 46. h4 Nc6 47. Bf7 Nd4+ 48. Kd2 g5 49. hxg5 hxg5 50. Kc3 Ka5 51. Nc1 Bb4+ 52. Kb2 Be1 53. g4 Kb6 54. Nd3 Bg3 55. Kc3 Ka5 56. Nc1 Ka4 57. Nb3 Ne2+ 58. Kd2 Nd4 59. Nxd4 exd4 60. Kd3 Be5 61. Kc2 b4 62. Bc4 Ka3 63. Bd3 b3+ 64. Kb1 Bg3 65. Be2 b2 66. Ba6 Kb3 67. Be2 Kc3 68. Bb5 Be5 69. Bc6 d3 70. Ba4 Kd2 71. Bb3 Ke3 0-1

[Event "Bratislava Doprastav op"]
[Site "Bratislava"]
[Date "2010.07.03"]
[Round "3"]
[White "Vrbiar, Tomas"]
[Black "Marsina, Stefan"]
[Result "0-1"]
[WhiteElo "1538"]
[BlackElo "1991"]
[PlyCount "44"]
[EventDate "2010.07.02"]
[EventType "swiss"]
[EventRounds "9"]
[EventCountry "SVK"]
[SourceTitle "EXT 2012"]
[Source "ChessBase"]
[SourceDate "2011.11.24"]
[SourceVersion "1"]
[SourceVersionDate "2011.11.24"]
[SourceQuality "1"]

1. e4 e6 2. d4 d5 3. exd5 exd5 4. Nf3 Bd6 5. Bd3 Nf6 6. 0-0 0-0 7. Nc3 c6 8. Re1 Bg4 9. h3 Bh5 10. Be2 Nbd7 11. a3 Re8 12. Be3 Nf8 13. b4 Ne4 14. Nxe4 dxe4 15. Nd2 Bg6 16. f3 Bg3 17. Bf2 Bxf2+ 18. Kxf2 e3+ 19. Kf1 Qh4 20. Kg1 Qf2+ 21. Kh2 exd2 22. Qxd2 Re3 0-1